000 00497nam a2200181Ia 4500
005 20250508161739.0
008 008 250505s9999 xx 000 0 eng d
037 _aTextual
040 _aFEDL
_beng
_cFEDL
041 _aeng
_2eng
084 _a378, BAR
_qFEDL
100 _aBarclay James R
_9140034
245 0 _aTesting for higher education : Cultural perspective and future focus
260 _c1965
300 _a39p.
942 _cTEXL
_h378, BAR
999 _c1371860
_d1371860